MyGZULibrary

Applied ethics and social problems : (Record no. 1334)

MARC details
000 -LEADER
fixed length control field 01206cam a22003495a 4500
001 - CONTROL NUMBER
control field 15611378
003 - CONTROL NUMBER IDENTIFIER
control field GZU
005 - DATE AND TIME OF LATEST TRANSACTION
control field 20201012101501.0
008 - FIXED-LENGTH DATA ELEMENTS--GENERAL INFORMATION
fixed length control field 090204s2008 enka b 001 0 eng d
010 ## - LIBRARY OF CONGRESS CONTROL NUMBER
LC control number 2009285389
015 ## - NATIONAL BIBLIOGRAPHY NUMBER
National bibliography number GBA828247
Source bnb
016 7# - NATIONAL BIBLIOGRAPHIC AGENCY CONTROL NUMBER
Record control number 014543639
Source Uk
020 ## - INTERNATIONAL STANDARD BOOK NUMBER
International Standard Book Number 9781861348609 (hbk.)
020 ## - INTERNATIONAL STANDARD BOOK NUMBER
International Standard Book Number 1861348606 (hbk.)
020 ## - INTERNATIONAL STANDARD BOOK NUMBER
International Standard Book Number 9781861348593 (pbk.)
020 ## - INTERNATIONAL STANDARD BOOK NUMBER
International Standard Book Number 1861348592 (pbk.)
035 ## - SYSTEM CONTROL NUMBER
System control number (OCoLC)ocn213384187
040 ## - CATALOGING SOURCE
Original cataloging agency UKM
Transcribing agency UKM
Modifying agency YDXCP
-- BAKER
-- C#P
-- BTCTA
-- BWK
-- BWX
-- IXA
-- DLC
042 ## - AUTHENTICATION CODE
Authentication code lccopycat
050 00 - LIBRARY OF CONGRESS CALL NUMBER
Classification number BJ1031
Item number .FIT 2008
100 1# - MAIN ENTRY--PERSONAL NAME
Personal name Fitzpatrick, Tony,
Dates associated with a name 1966-
Relator term author
245 10 - TITLE STATEMENT
Title Applied ethics and social problems :
Remainder of title moral questions of birth, society and death /
Statement of responsibility, etc. Tony Fitzpatrick.
246 14 - VARYING FORM OF TITLE
Title proper/short title Applied ethics & social problems
260 ## - PUBLICATION, DISTRIBUTION, ETC.
Place of publication, distribution, etc. Bristol :
Name of publisher, distributor, etc. Policy Press,
Date of publication, distribution, etc. 2008.
300 ## - PHYSICAL DESCRIPTION
Extent vi, 270 p. :
Other physical details ill. ;
Dimensions 24 cm.
504 ## - BIBLIOGRAPHY, ETC. NOTE
Bibliography, etc. note Includes bibliographical references (p. 233-262) and index.
650 #0 - SUBJECT ADDED ENTRY--TOPICAL TERM
Topical term or geographic name entry element Applied ethics.
650 #0 - SUBJECT ADDED ENTRY--TOPICAL TERM
Topical term or geographic name entry element Social ethics.
906 ## - LOCAL DATA ELEMENT F, LDF (RLIN)
a 7
b cbc
c copycat
d 2
e ncip
f 20
g y-gencatlg
942 ## - ADDED ENTRY ELEMENTS (KOHA)
Source of classification or shelving scheme Library of Congress Classification
Koha item type Books
Classification part 1031
Item part FIT
Call number prefix BJ
Holdings
Withdrawn status Lost status Source of classification or shelving scheme Damaged status Not for loan Collection code Home library Current library Shelving location Date acquired Source of acquisition Total Checkouts Total Renewals Full call number Barcode Date last seen Date last checked out Copy number Price effective from Koha item type
    Library of Congress Classification     Non-fiction City Campus Library City Campus Library General Stacks 10/10/2016 Book Aid International 3 10 BJ1031 FIT 2008 025607 11/16/2022 11/02/2022 c. 1 10/12/2020 Books
          Non-fiction Mashava Campus Library Mashava Campus Library General Stacks 05/04/2021       BJ1031 FIT 2008 025582 05/04/2021   C2 05/04/2021 Books